| 000 | nam a22 7a 4500 | ||
|---|---|---|---|
| 999 |
_c22685 _d22685 |
||
| 008 | 170124b xxu||||| |||| 00| 0 eng d | ||
| 020 | _a9780721676623 | ||
| 050 | _aR 898 .I55 1999 | ||
| 100 |
_aAdler,Arlene _d1999 |
||
| 245 | _aIntroduction to Radiography and Patient Care / | ||
| 250 | _a2nd ed | ||
| 260 |
_aPhiladelphia: _bW.B Saunders, _c1999. |
||
| 300 |
_axxi, 418 p.: _bill.: _c26cm. |
||
| 500 | _aincludes bibliographical references and index. | ||
| 650 | _2Radddiology,Medical. | ||
| 700 | _aRichard R. Carlton | ||
| 942 |
_2lcc _cBOOKS _hR 898 .I55 1999 _k31334 |
||